000 00210 a2200109 4500
020 _a9780736873420
041 _aspa
100 _aLisa Trumbauer
245 _aAnimales Gigantescos
942 _cBK
952 _71
999 _c24966
_d24966